000 00725nam a2200289Ia 4500
005 20260324134048.0
008 008 260324s9999 xx 000 0 eng d
020 _a9781315189185
037 _aEBOOK
040 _aCRL
040 _beng
040 _cCRL
041 _2eng
041 _aeng
084 _qCRL
100 _aJohn J. Kirton; Virginia W. Maclaren
_91195429
245 0 _aLinking Trade, Environment, and Social Cohesion
245 0 _bNAFTA Experiences, Global Challenges
260 _bTaylor and Francis
260 _c2002
365 _a
365 _b230
856 _uhttp://www.taylorfrancis.com/books/9781315189185
942 _cEBOOK
999 _c1795102
_d1795102